000 00820nam a2200229Ia 4500
001 10315
003 GE_BSU
008 181216s||||||||xx |||||||||||||| ||und||
040 _cGE_BSU
080 _a821.353.1–92
100 _aფანჯიკიძე,გურამ
245 _aსაქართველოს უკვდავება.პუბლიცისტური წერილები
245 _cრედ.რ.ლოლაძე.მხატვ.დ.გრიგოლია
260 _aთბილისი
260 _bმერანი
260 _c1988
300 _a288გვ.21სმ.
541 _h6ლ.
653 _aპუბლიცისტური წერილები
653 _aსაქართველოს უკვდავება
942 _cBK
999 _c43581
_d43581